000 00598cam a2200205 4500500
005 20260405002752.0
041 _afre
042 _adc
100 1 0 _aEnjalbert, Cédric
_eauthor
245 0 0 _aPromesses de l’amour
260 _c2018.
500 _a95
690 _aCécile de France
690 _aCinéma
690 _aDiderot
690 _aÉdouard Baer
690 _aEmmanuel Mouret
786 0 _nPhilosophie magazine | 122 | 9 | 2018-09-01 | p. 62-62 | 1951-1787
856 4 1 _uhttps://shs.cairn.info/magazine-philosophie-magazine-2018-9-page-62?lang=fr&redirect-ssocas=7080
999 _c2060951
_d2060951